| 000 | 01084nam0a2200349 4500 | ||
|---|---|---|---|
| 001 | RU\NLR\bibl\1420604 | ||
| 005 | 20250615214325.0 | ||
| 010 |
_a978-5-17-059454-2 _bАСТ |
||
| 010 |
_a978-5-271-24006-5 _bАстрель _95000 |
||
| 021 |
_aRU _b2009-58690 _93623 |
||
| 035 | _a(nilc)IZD\AST\2007\931635 | ||
| 035 | _aRSL-KNO-004359873 | ||
| 035 | _a(NLR Aleph) 001412552 | ||
| 090 |
_a1291756 _c1291756 |
||
| 100 | _a20090602d2009 |||y0rusy50 ca | ||
| 101 | 0 | _arus | |
| 102 | _aRU | ||
| 105 | _ay ||||||||| | ||
| 200 | 1 |
_aСабля Чингизидов _e[роман] _fАрсений Ахтырцев |
|
| 210 |
_aМосква _cАСТ _cАстрель _d2009 |
||
| 215 |
_a318 с. _d21 |
||
| 225 | 1 | _aРоман-квест | |
| 686 |
_aШ5(2=Р)75-644.2 _2rubbk |
||
| 686 | _aШ6(2=Р)8-442 | ||
| 700 | 1 |
_aАхтырцев _bА. _gАрсений _4070 |
|
| 801 | 0 |
_aRU _bЛИБНЕТ _c20090602 |
|
| 801 | 1 |
_aRU _bЦУНБ Москва _c20090618 _2rusmarc |
|
| 801 | 2 |
_aRU _bNLR _c20091007 _grcr |
|
| 942 | _cBOOK | ||
| 980 | _aNB | ||